| 000 | 00536nam a22001817a 4500 | ||
|---|---|---|---|
| 003 | OSt | ||
| 005 | 20260521095031.0 | ||
| 008 | 260521b |||||||| |||| 00| 0 eng d | ||
| 020 | _a9780393001587 | ||
| 040 | _cChuka University Library | ||
| 050 | _aPT 2635 .I65 Z488 1984 | ||
| 100 |
_aRilke, Rainer Maria _926099 |
||
| 245 | _aLetters to a young Poet | ||
| 260 |
_aNew York, London _bW. W. Norton and Company _c1984 |
||
| 300 | _a123p. | ||
| 650 |
_aRilke, Rainer Maria, 1875-1926-------Correspondence _926100 |
||
| 942 |
_2lcc _cBK _n0 |
||
| 999 |
_c22738 _d22738 |
||